| 000 | 005880000a22001810004500 | ||
|---|---|---|---|
| 003 | MACL | ||
| 005 | 20160610145118.0 | ||
| 008 | 160610b xxu||||| |||| 00| 0 eng d | ||
| 040 |
_aMACL _cmacl |
||
| 041 | _aHindi | ||
| 082 | _a910 | ||
| 100 |
_aबेनीपुरी, रामबृक्ष _963885 |
||
| 245 |
_aउडते चलो उडते चलो _cरामबृक्ष बेनीपुरी |
||
| 260 |
_bप्रभात प्रकाशन _c2000 _aनई दिल्ली |
||
| 350 | _a175 | ||
| 650 |
_aTravel _963886 |
||
| 942 |
_cHIN _k910 _2ddc |
||
| 999 |
_c30405 _d30405 |
||